Health care in old age
| Other Authors: | |
|---|---|
| Format: | Book |
| Published: |
Singapore :
Gerontological Society ,
1986
|
| Subjects: |
MARC
| LEADER | 00000cam a2200000 7i4500 | ||
|---|---|---|---|
| 001 | 0000008284 | ||
| 002 | 000009034 | ||
| 005 | 20000330.0 | ||
| 020 | |a 9971845970 | ||
| 090 | 0 | 0 | |a 613.0438 |b HEA |
| 245 | 0 | 0 | |a Health care in old age |c edited by Kua Ee Heok |
| 260 | |a Singapore : |b Gerontological Society , |c 1986 | ||
| 300 | |a 156p. ; |c 21cm. | ||
| 650 | 0 | 0 | |a Health services for the Age |
| 700 | 1 | |a Kua Ee Heok , |e edited | |
| 999 | |a 0003465 |b BUKU |c PINJAMAN |e PERPUSTAKAAN KOMUNITI PETALING JAYA | ||